Optimálne riadenie zníži náklady
Logistika v stavebníctve. Optimálne riadenie nákupu stavebných materiálov a tvorby zásob. Hospodárnosť zásobovania stavieb. Stavebná výroba ako zákazkovo orientovaná výroba. Dôraz na načasovanie. Účelný logistický koncept.
Gespeichert in:
| 1. Verfasser: | |
|---|---|
| Format: | Buchkapitel |
| Sprache: | Slowakisch |
| Schlagworte: | |
| Tags: |
Keine Tags, Fügen Sie das erste Tag hinzu!
|
MARC
| LEADER | 00000naa a2200000 4500 | ||
|---|---|---|---|
| 001 | 0181578 | ||
| 005 | 20231011073417.5 | ||
| 041 | 0 | |a slo | |
| 044 | |a CZ | ||
| 245 | 1 | 0 | |a Optimálne riadenie zníži náklady |c Jozef Brezovský |
| 520 | |a Logistika v stavebníctve. Optimálne riadenie nákupu stavebných materiálov a tvorby zásob. Hospodárnosť zásobovania stavieb. Stavebná výroba ako zákazkovo orientovaná výroba. Dôraz na načasovanie. Účelný logistický koncept. | ||
| 610 | 2 | 0 | |a stavebníctvo |
| 610 | 2 | 0 | |a výroba stavebná |
| 610 | 2 | 0 | |a materiál |
| 610 | 2 | 0 | |a zásobovanie |
| 610 | 2 | 0 | |a logistika |
| 610 | 2 | 0 | |a dodávatelia |
| 610 | 2 | 0 | |a odberatelia |
| 610 | 2 | 0 | |a preprava |
| 100 | 1 | |a Brezovský, Jozef | |